000 00725nam a22002537a 4500
005 20221011150003.0
008 221011b ||||| |||| 00| 0 eng d
020 _a9531740194
040 _cAL
041 _aEnglish
082 _223
_a949.7103
_bBALC
100 _aZvonimir Baletic and others
_959418
245 _aCroatia Between Aggression and Peace
260 _aZagreb
_b AGM
_c1994
300 _a80 p.
_bPB
_c20.5x13.5 cm.
650 _aCroatia
_959419
650 _aWar--Causes
_959420
650 _aYugoslavia
_959421
650 _aUnited Nations Protection Force
_959422
700 _aBALETIC (Zvonimir)
_959423
700 _aNIKIC (Gorazd) Ed
_959424
700 _aYUILL (W E) Tr
_959425
942 _2ddc
_cGF
999 _c224814
_d224814